000 01022cam a22003134a 4500
001 929
005 20240906113632.0
020 _a9780439137614
040 _aDLC
_cDLC
_dDLC
_beng
050 0 0 _aPZ7.O81167
_bDg 2000
082 0 0 _aFic
_221
100 1 _aOsborne, Mary Pope.
245 1 0 _aDingoes at dinnertime
_cby Mary Pope Osborne ; illustrated by Sal Murdocca.
260 _aNew York :
_bScholastic
_c2000
300 _a71 pages :
_billustrations ;
_c20 cm
490 _aMagic Tree House
_vBook 20
500 _a"A stepping stone book."
505 _aN
520 _aThe magic tree house whisks Jack and Annie away to Australia where they must save some animals from a wildfire.
521 _a570
_bLexile
521 _aN
_bLexile
650 1 _aMagic
_vFiction.
650 1 _aSpace and time
_vFiction.
650 1 _aZoology
_zAustralia
_vFiction.
650 1 _aAnimals
_vFiction.
700 1 _aMurdocca, Sal
_eillustrator
906 _a7
_bcbc
_corignew
_d1
_eocip
_f19
_gy-gencatlg
942 _2ddc
_cBK
_n0
999 _c929
_d929